[Event "UTD GM Invitational"]
[Site "Richardson USA"]
[Date "2011.12.18"]
[Round "6"]
[White "Sadorra,J"]
[Black "Chirila,I"]
[Result "1/2-1/2"]
[WhiteElo "2506"]
[BlackElo "2523"]

1.d4 d5 2.c4 c6 3.Nf3 Nf6 4.Nc3 dxc4 5.a4 Bf5 6.e3 e6 7.Bxc4 Bb4 8.O-O O-O
9.Qe2 Ne4 10.g4 Bg6 11.Ne5 Nxc3 12.bxc3 Bxc3 13.Nxg6 hxg6 14.Rb1 Qe7 15.f4 c5
16.Qd3 Bb4 17.f5 Nc6 18.fxe6 fxe6 19.Rxf8+ Rxf8 20.Qxg6 Rf6 21.Qe4 Rh6 22.dxc5 Bxc5
23.Rxb7 Qd6 24.Bb2 Bxe3+ 25.Qxe3 Qxh2+ 26.Kf1 Qh1+ 27.Qg1 Qf3+ 28.Ke1 Nd4
29.Rxg7+ Kf8 30.Qxd4 Rh1+ 31.Kd2 Rd1+ 32.Kc2 Rxd4 33.Bxd4 Qe4+ 34.Kc3 Qe1+
35.Kd3 Qf1+ 36.Kc3 Qa1+ 37.Kd3 Qf1+ 38.Kc3  1/2-1/2

[Event "Cracovia Open A"]
[Site "Krakow POL"]
[Date "2011.12.28"]
[Round "2.21"]
[White "Coursaget,N"]
[Black "Lewtak,Da"]
[Result "0-1"]
[WhiteElo "2309"]
[BlackElo "2138"]

1.d4 d5 2.Nf3 Nf6 3.c4 c6 4.Nc3 dxc4 5.a4 Bf5 6.e3 e6 7.Bxc4 Bb4 8.O-O Nbd7
9.Nh4 Bg4 10.f3 Bh5 11.g4 Bg6 12.Ng2 Qc7 13.e4 e5 14.Na2 Be7 15.Be3 Nb6 16.Rc1 Rd8
17.d5 Nxc4 18.Rxc4 Qa5 19.d6 Bxd6 20.Qb3 Rd7 21.Rd1 O-O 22.Nc3 Rfd8 23.h4 h5
24.g5 Ne8 25.Ne2 Be7 26.Rxd7 Rxd7 27.Ng3 a6 28.Rc1 Qb4 29.Qa2 Nc7 30.Rc4 Qa5
31.b4 Bxb4 32.Qb2 c5 33.Qxe5 Qxa4 34.f4 Qa2 35.Rxb4 cxb4 36.f5 b3 37.Bd4 Rxd4
38.Qxd4 b2 39.Qd8+ Kh7 40.Qxc7 b1=Q+  0-1

[Event "1st St Leon-Rot Open"]
[Site "Sankt Leon-Rot GER"]
[Date "2011.12.28"]
[Round "3"]
[White "Moser,Ax"]
[Black "Gutzen,Werner"]
[Result "1-0"]
[WhiteElo "2124"]
[BlackElo "1893"]

1.d4 c6 2.c4 d5 3.Nf3 Nf6 4.Nc3 dxc4 5.a4 Bf5 6.Ne5 Nbd7 7.Nxc4 Nb6 8.Ne5 e6
9.a5 Nbd5 10.a6 Nb4 11.axb7 Rb8 12.Nxc6 Nxc6 13.Qa4 Qb6 14.e4 Bxe4 15.Nxe4 Nxe4
16.Bb5 Kd7 17.O-O Rxb7 18.d5 exd5 19.Bxc6+ Qxc6 20.Qd4 Qc4 21.Qe5 f6 22.Qf5+ Kd8
23.Rd1 Rd7 24.Be3 g6 25.Qe6 Rd6 26.Qh3 Rd7 27.Bxa7 Ng5 28.Qe3 Bd6 29.Bb6+ Bc7
30.Ra8+  1-0

[Event "Zuerich Weihnachtsopen Masters"]
[Site "Zuerich SUI"]
[Date "2011.12.29"]
[Round "5"]
[White "Cherednichenko,S"]
[Black "Lampert,J"]
[Result "1-0"]
[WhiteElo "2261"]
[BlackElo "2147"]

1.d4 d5 2.Nf3 Nf6 3.c4 c6 4.Nc3 dxc4 5.a4 Bf5 6.Ne5 Nbd7 7.Nxc4 Nb6 8.Ne3 Bg6
9.a5 Nbd5 10.Nexd5 Nxd5 11.Qb3 Nxc3 12.bxc3 Qd7 13.Ba3 e5 14.Bxf8 Rxf8 15.e3 O-O-O
16.Bc4 exd4 17.cxd4 Be4 18.f3 Bd5 19.O-O f5 20.Rfc1 a6 21.Rab1 Rf7 22.Qb6 Bxc4
23.Rxc4 Qe6 24.Rc3 g5 25.Qa7 Rc7 26.Rcb3 Re8 27.e4 fxe4 28.Rxb7 Qd6 29.Rxc7+ Qxc7
30.Qxa6+ Kd8 31.Rb7 e3 32.Rxc7 Kxc7 33.Qb6+ Kd7 34.Kf1 e2+ 35.Ke1  1-0

[Event "Cracovia Open A"]
[Site "Krakow POL"]
[Date "2012.01.02"]
[Round "7.7"]
[White "Shishkin,Va UKR"]
[Black "Coursaget,N"]
[Result "1-0"]
[WhiteElo "2449"]
[BlackElo "2309"]

1.d4 d5 2.c4 c6 3.Nc3 Nf6 4.Nf3 dxc4 5.a4 Bf5 6.Ne5 Nbd7 7.Nxc4 Nb6 8.Ne5 Nbd7
9.Nd3 Bxd3 10.Qxd3 e5 11.e3 Bb4 12.Be2 Qe7 13.O-O O-O 14.Na2 Bd6 15.Bd2 exd4
16.exd4 Ne4 17.Be3 Rae8 18.Nc3 Nxc3 19.bxc3 f5 20.Rae1 Nb6 21.Bd2 Qc7 22.g3 Kh8
23.Bd1 Rxe1 24.Rxe1 Qf7 25.a5 Nd7 26.Bf3 a6 27.c4 Nf6 28.c5 Bc7 29.Qxf5 Re8
30.Rxe8+ Qxe8 31.g4 Qd7 32.Qxd7 Nxd7 33.g5  1-0

[Event "Northern California International"]
[Site "Fremont USA"]
[Date "2012.01.04"]
[Round "4"]
[White "Sarkar,J"]
[Black "Haessel,D"]
[Result "1-0"]
[WhiteElo "2370"]
[BlackElo "2190"]

1.d4 d5 2.c4 c6 3.Nf3 Nf6 4.Nc3 dxc4 5.a4 Bf5 6.Ne5 Nbd7 7.Nxc4 Nb6 8.Ne5 a5
9.e3 e6 10.g4 Bg6 11.h4 Nfd5 12.h5 Nxc3 13.bxc3 Be4 14.f3 f6 15.fxe4 fxe5
16.Qb3 Be7 17.Rb1 Bh4+ 18.Kd2 O-O 19.Qxb6 Rf2+ 20.Be2 Qf6 21.Kd3 exd4 22.cxd4 e5
23.Bd2 exd4 24.exd4 Re8 25.Be3 Rxe4 26.Bxf2  1-0

[Event "XLI Rilton Cup 2011-12"]
[Site "Stockholm SWE"]
[Date "2012.01.05"]
[Round "9"]
[White "Brynell,S"]
[Black "Bakre,T"]
[Result "1/2-1/2"]
[WhiteElo "2486"]
[BlackElo "2509"]

1.d4 d5 2.c4 c6 3.Nf3 Nf6 4.Nc3 dxc4 5.a4 Bf5 6.Nh4 e6 7.Nxf5 exf5 8.e3 Bb4
9.Bxc4 O-O 10.O-O Nbd7 11.Qc2 g6 12.f3 Qb6 13.Kh1 c5 14.Qf2 Rac8  1/2-1/2

[Event "15th Guben Neujahrsopen"]
[Site "Guben GER"]
[Date "2012.01.06"]
[Round "9.3"]
[White "Ivanov,MM"]
[Black "Wichmann,C"]
[Result "1/2-1/2"]
[WhiteElo "2389"]
[BlackElo "2350"]

1.c4 Nf6 2.Nc3 c6 3.d4 d5 4.Nf3 dxc4 5.a4 Bf5 6.e3 e6 7.Bxc4 Bb4 8.O-O Nbd7
9.Qe2 Ne4 10.Bd2 Nxd2 11.Nxd2 O-O 12.Rfd1 Bc2  1/2-1/2

[Event "TCh-NED Meesterklasse 2011-12"]
[Site "Netherlands NED"]
[Date "2012.01.07"]
[Round "5.9"]
[White "Konings,F"]
[Black "Van der Stricht,G"]
[Result "1/2-1/2"]
[WhiteElo "2280"]
[BlackElo "2365"]

1.d4 d5 2.c4 c6 3.Nf3 Nf6 4.Nc3 dxc4 5.a4 Bf5 6.Nh4 Bc8 7.Nf3 Bf5 8.Nh4 Bd7
9.g3 e6 10.Bg2 c5 11.d5 exd5 12.Nxd5 Nc6 13.O-O Nxd5 14.Qxd5 Be6 15.Qh5 Be7
16.Be3 Nd4 17.Bxd4 cxd4 18.Qb5+ Kf8 19.Qxb7 Rc8 20.Rfd1 Bc5 21.Nf3 Qf6 22.Rac1 g6
23.Rxc4 Kg7 24.Rcc1 Rhd8 25.Ne1 Rb8 26.Qc6 Rdc8 27.Qf3 Bb3 28.Qxf6+ Kxf6
29.Rd3 Bxa4 30.Bh3 Rc7 31.Nf3 Rxb2 32.Nxd4 Bb6 33.Rf3+ Kg7 34.Rxc7 Bxc7 35.Rd3 Bb6
36.Bg4 Rb1+ 37.Kg2 Rd1 38.Rxd1 Bxd1 39.Nb5 Bb3 40.Bd7 a5 41.Nc3 Bd4 42.Na4 Kf8
43.e3 Bd5+ 44.Kf1 Ba7 45.Bb5 Ke7 46.Ke2 Kd6 47.Kd3 f5 48.Be8 Bc5 49.Bb5 g5
50.Nxc5 Kxc5 51.Bd7 Be4+ 52.Kc3 Kd6 53.Bc8 Kc5 54.Bd7 h6 55.h3 Kd5 56.Bc8 Kc5
57.Bd7 Kd6 58.Bc8 Bb1 59.Kb2 Bd3 60.Kc3 Be4 61.Kb3 f4 62.exf4 gxf4 63.gxf4 Bd5+
64.Ka4 Be6 65.Bxe6 Kxe6 66.Kxa5 Kf5 67.Kb4 Kxf4 68.Kc3 Kf3 69.Kd2 Kxf2 70.h4 h5
71.Kd1 Kg3 72.Ke1 Kxh4 73.Kf1 Kg3 74.Kg1  1/2-1/2

[Event "4th Chennai Open"]
[Site "Chennai IND"]
[Date "2012.01.09"]
[Round "8"]
[White "Karthikeyan,P2"]
[Black "Ma Qun"]
[Result "1/2-1/2"]
[WhiteElo "2402"]
[BlackElo "2475"]

1.d4 d5 2.c4 c6 3.Nf3 Nf6 4.Nc3 dxc4 5.a4 Bf5 6.Ne5 Nbd7 7.Nxc4 Nb6 8.Ne5 a5
9.f3 Nfd7 10.Nxd7 Nxd7 11.e4 Bg6 12.Be3 e6 13.Qb3 Bb4 14.Be2 O-O 15.O-O Qc7
16.Rac1 Rfe8 17.Kh1 Rac8 18.Rfd1 Qb8 19.Bf1 h6 20.Ne2 Bd6 21.g3 Bh7 22.Rd2 Bb4
23.Rdd1 Bd6 24.Bf4 Bxf4 25.gxf4 f5 26.Qe3 Kh8 27.Ng3 Rf8 28.Bc4 fxe4 29.Bxe6 Rcd8
30.f5 exf3 31.Nh5 Nf6 32.Nf4 Ng4 33.Qxf3 Bxf5 34.Bxf5 Rxf5 35.Ng6+ Kh7 36.Qxg4 Rg5
37.Qe4 Rxg6 38.Rg1 Rd6 39.Rxg6 Rxg6 40.Rg1 Qd6 41.Rg2 Qe6 42.Qb1 h5 43.Kg1 h4
44.h3 Qe3+ 45.Kh2 Qf4+ 46.Kh1 Qf6 47.Qd3 Kh6 48.Qe3+ Kh7 49.Qd3 Kh6 50.Qe3+  1/2-1/2

[Event "20th Fajr Open"]
[Site "Tabriz IRI"]
[Date "2012.01.13"]
[Round "2.5"]
[White "Kotanjian,T"]
[Black "Asnaashari,Soh"]
[Result "1-0"]
[WhiteElo "2533"]
[BlackElo "2124"]

1.d4 d5 2.c4 c6 3.Nc3 Nf6 4.Nf3 dxc4 5.a4 Bf5 6.Ne5 e6 7.f3 Bb4 8.e4 Bxe4
9.fxe4 Nxe4 10.Bd2 Qxd4 11.Nxe4 Qxe4+ 12.Qe2 Bxd2+ 13.Kxd2 Qd5+ 14.Kc2 Na6
15.Nxc4 O-O 16.Qe5 Rab8 17.a5 f6 18.Qxd5 cxd5 19.Ne3 Rfc8+ 20.Kb1 Nb4 21.Ra4 Nc6
22.a6 b5 23.Ra3 Ne5 24.Nc2 Nc4 25.Rd3 b4 26.b3 Na5 27.Be2 Rc6 28.Kb2 Rbc8
29.Nxb4 Rb6 30.Ra1 Nc4+ 31.bxc4 Rxc4 32.Rb3 Rcxb4 33.Rxb4 Rxb4+ 34.Ka3 Re4
35.Bb5 Kf7 36.Rc1 Ke7 37.Rc7+ Kd6 38.Rxa7 Kc5 39.Rb7 Re1 40.Kb2  1-0

[Event "TCh-CZE Liga1 Vychod"]
[Site "Czech Rep CZE"]
[Date "2012.01.15"]
[Round "6"]
[White "Buran,J"]
[Black "Pacl,V"]
[Result "1-0"]
[WhiteElo "2264"]
[BlackElo "2179"]

1.d4 d5 2.Nf3 Nf6 3.c4 c6 4.Nc3 dxc4 5.a4 Bf5 6.Ne5 Nbd7 7.Nxc4 Nb6 8.e3 Nxc4
9.Bxc4 e6 10.a5 Be7 11.O-O O-O 12.f3 b5 13.axb6 axb6 14.Rxa8 Qxa8 15.e4 Bg6
16.Be3 Qa5 17.Qb3 Qb4 18.Ra1 b5 19.Qxb4 Bxb4 20.Be2 Rc8 21.Rc1 Ra8 22.Nd1 Ra6
23.Nf2 h6 24.Nd3 Bf8 25.Ne5 Ra2 26.Rc2 Nd5 27.Bd2 Ne7 28.Bb4 f6 29.Bxe7 fxe5
30.Bxf8 Kxf8 31.dxe5 Be8 32.f4 c5 33.Bg4 Bd7 34.Rxc5 Rxb2 35.f5 b4 36.Rc7 Rd2
37.Rb7 Rd4 38.h3 Bc6 39.Rb8+ Ke7 40.Rb6 Bxe4 41.Rxe6+ Kf8 42.Rb6 h5 43.Bxh5 Bxf5
44.Kf2 Bc2 45.e6 g6 46.Bxg6 Bxg6 47.e7+ Kxe7 48.Rxg6 b3 49.Rb6 Rd3 50.h4 Kf7
51.g3 Rc3 52.Kg2 Rc2+ 53.Kh3 b2 54.h5 Kg7 55.Kh4 Rc4+ 56.g4 Rc2 57.Rb7+ Kg8
58.h6 Rh2+ 59.Kg5 Rc2 60.Kh5 Kh8 61.g5 Kg8 62.Rb8+ Kf7 63.g6+ Kf6 64.g7 Rc5+
65.Kh4 Rc4+ 66.Kg3 Rc8 67.Rxc8 b1=Q 68.Rf8+ Ke5 69.g8=Q Qe1+ 70.Kg4 Qg1+
71.Kh5 Qh1+ 72.Kg6  1-0

[Event "10th Parsvnath Open"]
[Site "New Delhi IND"]
[Date "2012.01.15"]
[Round "2"]
[White "Gleizerov,E"]
[Black "Bai,Jinshi"]
[Result "0-1"]
[WhiteElo "2566"]
[BlackElo "2180"]

1.d4 d5 2.c4 c6 3.Nf3 Nf6 4.Nc3 dxc4 5.a4 Bf5 6.e3 e6 7.Bxc4 Bb4 8.O-O O-O
9.Nh4 Bg6 10.Nxg6 hxg6 11.Qc2 Nbd7 12.Rd1 Qc7 13.h3 Rac8 14.e4 e5 15.Be3 exd4
16.Bxd4 a5 17.Re1 Rce8 18.g3 Ne5 19.Be2 Qd7 20.Bxe5 Rxe5 21.Bf1 g5 22.f4 gxf4
23.gxf4 Rh5 24.Rad1 Bc5+ 25.Kh1 Qg4 26.Kh2 Qf3  0-1

[Event "20th Fajr Open"]
[Site "Tabriz IRI"]
[Date "2012.01.18"]
[Round "9.11"]
[White "Feyli,S"]
[Black "Pourramezanali,A"]
[Result "1-0"]
[WhiteElo "2169"]
[BlackElo "2371"]

1.d4 d5 2.c4 c6 3.Nf3 Nf6 4.Nc3 dxc4 5.a4 Bf5 6.e3 e6 7.Bxc4 Bb4 8.O-O Nbd7
9.Nh4 Bg4 10.f3 Bh5 11.g4 Bg6 12.e4 Qa5 13.Na2 Be7 14.b4 Qc7 15.Qe2 e5 16.f4 exd4
17.f5 Ne5 18.Bf4 Bd6 19.Bxe5 Bxe5 20.Rad1 O-O-O 21.Nc1 Bf4 22.Kh1 h5 23.Nd3 Be3
24.g5 Bxg5 25.fxg6 Bxh4 26.e5 fxg6 27.exf6 Bxf6 28.Qg2 Rde8 29.b5 c5 30.a5 Qxa5
31.Nxc5 Re7 32.Be6+ Kb8 33.Nd7+ Rxd7 34.Bxd7 Rd8 35.Be6 Qc7 36.Bd5 g5 37.Be4 h4
38.Qf3 Be5 39.Rc1 Qd7 40.Rc5 Qe7 41.Qf7 Bf6 42.Qxe7 Bxe7 43.Rd5 Rxd5 44.Bxd5 Bf6
45.Rc1 Be5 46.Be6 b6 47.Rc8+ Kb7 48.Rc6 d3 49.Bc8+ Kb8 50.Bg4 d2 51.Re6 Bf4
52.Re7 g6 53.h3 Bd6 54.Rd7 Bf4 55.Kg2 Ka8 56.Kf2 Kb8 57.Ke2 Ka8 58.Kd3  1-0

[Event "10th Parsvnath Open"]
[Site "New Delhi IND"]
[Date "2012.01.20"]
[Round "8.6"]
[White "Kuderinov,K"]
[Black "Ma Qun"]
[Result "1/2-1/2"]
[WhiteElo "2497"]
[BlackElo "2475"]

1.d4 d5 2.c4 c6 3.Nc3 Nf6 4.Nf3 dxc4 5.a4 Bf5 6.e3 e6 7.Bxc4 Bb4 8.O-O Nbd7
9.Qb3 Qb6 10.Nh4 Bg6 11.Na2 Bd6 12.Qxb6 Nxb6 13.Bb3 c5 14.dxc5 Bxc5 15.Nxg6 hxg6
16.a5 Nbd7 17.Rd1 Ke7 18.Bd2 Bd6 19.h3 Nc5 20.Bc2 Rhd8 21.Nc3 a6 22.e4 Be5
23.Be3 Rxd1+ 24.Rxd1 Rc8 25.f3 Ncd7 26.Bd2 Nh5 27.Bb1 Bf4 28.Be1 Bg3 29.Bd2 Bf4
30.Be1 Bg3  1/2-1/2

[Event "10th Parsvnath Open"]
[Site "New Delhi IND"]
[Date "2012.01.20"]
[Round "8.1"]
[White "Deviatkin,A"]
[Black "Barbosa,O PHI"]
[Result "1/2-1/2"]
[WhiteElo "2574"]
[BlackElo "2573"]

1.d4 d5 2.c4 c6 3.Nf3 Nf6 4.Nc3 dxc4 5.a4 Bf5 6.Ne5 Nbd7 7.Nxc4 Nb6 8.Ne5 a5
9.Bg5 g6 10.f3 Bg7 11.e4 Be6 12.Be3 O-O 13.Be2 Qd6 14.Nd3 Nfd7 15.e5 Qc7
16.O-O Rfd8 17.f4 f5 18.Qc2 Nd5 19.Bf2 Nb4 20.Nxb4 axb4 21.Nb1 Bd5 22.Nd2 e6
23.Bd3 Bf8 24.Nc4 Nb6 25.b3 Bxc4 26.bxc4 Ra5 27.Rfd1 Kh8 28.c5 Nd5 29.g3 Nc3
30.Rdc1 b6 31.cxb6 Qxb6 32.Qb3 Nd5 33.Qc4 Rc8 34.Bc2 c5 35.Bb3 Rc7 36.Qd3 Nc3
37.dxc5 Qb8 38.Bxe6 Bxc5 39.Bxc5 Raxc5 40.Re1 b3 41.Bxb3 Qxb3 42.Qd8+ Qg8
43.Qf6+ Rg7 44.e6 Rc6 45.a5 Ne4 46.Qd4 Rd6 47.Qb2 Rxe6 48.a6 h5 49.a7 Re8
50.Ra6 Kh7 51.Rea1 Ra8 52.Qd4 Qc8 53.Qd5 Qc5+ 54.Qxc5 Nxc5 55.R6a3 Rb7 56.Kg2 Kg7
57.Kh3 Kh6 58.Kh4 Ne4 59.Ra6 Rb2 60.R1a2 Rb7 61.R2a5 Nd2 62.Ra2 Nf3+ 63.Kh3 Kg7  1/2-1/2

[Event "10th Parsvnath Open"]
[Site "New Delhi IND"]
[Date "2012.01.20"]
[Round "8.10"]
[White "Ulibin,M"]
[Black "Ghosh,D"]
[Result "1/2-1/2"]
[WhiteElo "2587"]
[BlackElo "2372"]

1.d4 d5 2.c4 c6 3.Nf3 Nf6 4.Nc3 dxc4 5.a4 Bf5 6.e3 e6 7.Bxc4 Bb4 8.O-O O-O
9.Nh4 Nbd7 10.Nxf5 exf5 11.Qc2 g6 12.f3 Qb6 13.Kh1 c5 14.Qf2 Rac8 15.Ba2 Rfe8
16.Bd2 a6 17.Qh4 cxd4 18.exd4 Bf8 19.Rab1 Bg7 20.Bg5 Qb4 21.Rfd1 Qd6 22.Bf4 Qb4
23.Bg5 Qd6 24.Bf4 Qb4 25.Bg5 Qd6  1/2-1/2

[Event "Gibraltar Open"]
[Site "Caleta ENG"]
[Date "2012.01.26"]
[Round "3.28"]
[White "Gupta,Ab"]
[Black "Ortega Ruiz,J"]
[Result "1-0"]
[WhiteElo "2652"]
[BlackElo "2288"]

1.d4 d5 2.c4 c6 3.Nf3 Nf6 4.Nc3 dxc4 5.a4 Bf5 6.Nh4 Bd7 7.e4 e6 8.Bxc4 Nxe4
9.Nxe4 Qxh4 10.Qf3 Bb4+ 11.Kf1 f5 12.Ng5 Qxd4 13.Qh5+ g6 14.Qe2 Na6 15.Nxe6 Qe4
16.Qxe4 fxe4 17.Bxa6 Bxe6 18.Bxb7 Rd8 19.Bxc6+ Kf7 20.Be3 Bd2 21.Bxa7 Bf4
22.Bxe4 Bc4+ 23.Kg1 Rhe8 24.Bf3 Rd3 25.h4 h5 26.a5 Kg7 27.Rh3 Re7 28.Bc5 Red7
29.Be3 Be6 30.Bxf4 Bxh3 31.a6 Bg4 32.Bb7  1-0

[Event "12th ch-CRO"]
[Site "Opatija CRO"]
[Date "2012.01.26"]
[Round "10.4"]
[White "Jankovic,A"]
[Black "Bosiocic,Mari"]
[Result "1/2-1/2"]
[WhiteElo "2568"]
[BlackElo "2580"]

1.d4 d5 2.c4 c6 3.Nf3 Nf6 4.Nc3 dxc4 5.a4 Bf5 6.Nh4 e6 7.Nxf5 exf5 8.Bg5 Be7
9.e3 Ne4 10.Bxe7 Qxe7 11.Bxc4 Nd7 12.O-O O-O 13.Re1 Rad8 14.f3 Nd6 15.Ba2 a5
16.e4 fxe4 17.fxe4 Nb6 18.Qd3 Ne8 19.e5 Nc7 20.Rad1 Ne6 21.Bb1 g6 22.Qe3 Qg5
23.Qxg5 Nxg5 24.Ba2 Kg7 25.Kf2 Rfe8 26.h4 Ne6 27.Bxe6 Rxe6 28.b3 f6 29.exf6+ Rxf6+
30.Kg3 Kg8 31.Ne4 Rf7 32.Ng5 Rfd7 33.Ne6 Re8 34.Re5 Rde7 35.Nc5 Rxe5 36.dxe5 Rxe5
37.Nxb7 Re3+ 38.Kf2 Rxb3 39.Nxa5 Rb2+ 40.Kf3 c5 41.Nc6 Nxa4 42.Rd7 Nb6 43.Ra7 c4
44.Rc7 Nd5 45.Rc8+ Kg7 46.Nd4 c3 47.Rc5  1/2-1/2

[Event "Moscow Open 2012 A"]
[Site "Moscow RUS"]
[Date "2012.01.28"]
[Round "1.28"]
[White "Deviatkin,A"]
[Black "Ageichenko,G"]
[Result "0-1"]
[WhiteElo "2574"]
[BlackElo "2344"]

1.d4 Nf6 2.Nf3 d5 3.c4 c6 4.Nc3 dxc4 5.a4 Bf5 6.Nh4 Bc8 7.e3 e5 8.Bxc4 exd4
9.exd4 Be7 10.O-O O-O 11.Re1 Na6 12.Qb3 Nc7 13.Nf3 Ncd5 14.a5 Rb8 15.Bg5 Be6
16.Ne5 a6 17.h3 Qd6 18.Nxd5 cxd5 19.Bd3 Qb4 20.Qxb4 Bxb4 21.Re2 Rbc8 22.Bxf6 gxf6
23.Ng4 Bxg4 24.hxg4 Rfe8 25.Rxe8+ Rxe8 26.Kf1 Rc8 27.g3 h6 28.Kg2 Kf8 29.Kf3 Ke7
30.Ke2 Kd6 31.Ra4 Re8+ 32.Kf1 Re1+ 33.Kg2 Bd2 34.Ra3 Kc7 35.Bc2 Rc1 36.Ba4 Rc4
37.Be8 Rxd4 38.Bxf7 Kd6 39.Rb3 Bb4 40.Kf3 Kc5 41.Be6 Kc4 42.Re3 Bd2 43.Ra3 Bb4
44.Ra1 Rd2 45.Rc1+ Kb5 46.Rc7 Bc5 47.Bd7+ Kb4 48.Rxb7+ Kxa5 49.b4+ Bxb4 50.Rc7 Rd3+
51.Kg2 Rc3 52.Rb7 Rc2 53.Bf5 Rd2 54.Rc7 Kb6 55.Rf7 Bc3 56.Kf1 a5 57.Bd7 Ra2
58.Be6 Kc5 59.Rd7 Ra1+ 60.Kg2 d4 61.Rd5+ Kb4 62.Bf5 a4 63.Rd6 a3 64.Kf3 Rd1
65.Rb6+ Ka5 66.Rb8 Rd2 67.Be6 Rb2 68.Ra8+ Kb4 69.Rb8+ Kc5 70.Ra8 Bb4 71.Bf5 Rd2
72.Rc8+ Kd6 73.Ra8 Bc5 74.Ra6+ Kd5 75.Be6+ Ke5 76.Bg8 d3 77.Re6+ Kd4 78.Re4+ Kc3
79.Rc4+ Kb2 80.Rxc5 Rc2 81.Rd5 a2 82.Rb5+ Kc1 83.Bxa2 Rxa2 84.Rc5+ Kd1 85.Ke4 d2
86.Kf5 Ke2 87.Rd5 Ra6 88.f4 d1=Q 89.Rxd1 Kxd1 90.Kg6 Ke2 91.Kxh6 f5+ 92.Kg5 fxg4
93.Kxg4 Ke3 94.f5 Ke4 95.Kg5 Ke5 96.g4 Rb6 97.Kh5 Kf6  0-1

[Event "ch-Belgrade 2012"]
[Site "Belgrade SRB"]
[Date "2012.01.29"]
[Round "8.1"]
[White "Milanovic,Da"]
[Black "Pikula,D"]
[Result "1/2-1/2"]
[WhiteElo "2510"]
[BlackElo "2522"]

1.d4 d5 2.c4 c6 3.Nf3 Nf6 4.Nc3 dxc4 5.a4 Bf5 6.Ne5 Nbd7 7.Nxc4 Qc7 8.Qd2 Be6
9.e4 Bxc4 10.Bxc4 e5 11.dxe5 Nxe5 12.Be2 Bc5 13.h3 Rd8 14.Qc2 O-O  1/2-1/2

[Event "ch-TUR 2012"]
[Site "Kemer TUR"]
[Date "2012.01.29"]
[Round "2"]
[White "Acar,O"]
[Black "Keler,F"]
[Result "0-1"]
[WhiteElo "1914"]
[BlackElo "2259"]

1.d4 d5 2.Nf3 Nf6 3.c4 c6 4.Nc3 dxc4 5.a4 Bf5 6.e3 e6 7.Bxc4 Bb4 8.O-O O-O
9.h3 Nbd7 10.Bd3 Qa5 11.Bxf5 exf5 12.Qc2 g6 13.Na2 Bd6 14.Bd2 Qb6 15.a5 Qc7
16.b4 Ne4 17.Nc1 Ndf6 18.Nd3 Nd5 19.Rfc1 Qe7 20.Rab1 Rac8 21.Qa4 a6 22.Nc5 g5
23.Qd1 Kh8 24.Ne5 f6 25.Ned3 Rg8 26.Be1 g4 27.hxg4 Rxg4 28.Nxe4 Qxe4 29.f3 Nxe3  0-1

[Event "Moscow Open Women 2012"]
[Site "Moscow RUS"]
[Date "2012.01.29"]
[Round "2.18"]
[White "Cheremnova,T"]
[Black "Sviridova,Vlada"]
[Result "1-0"]
[WhiteElo "2260"]
[BlackElo "2070"]

1.d4 d5 2.c4 c6 3.Nc3 Nf6 4.Nf3 dxc4 5.a4 Bf5 6.e3 e6 7.Bxc4 Bb4 8.O-O O-O
9.Qe2 Bg6 10.Ne5 Nbd7 11.Nxg6 hxg6 12.Rd1 Qa5 13.Bd2 Rad8 14.Be1 Rfe8 15.Bb3 Nb6
16.Qf3 Qh5 17.Qxh5 gxh5 18.a5 Nbd7 19.a6 b6 20.Kf1 Nb8 21.Bc4 g6 22.f3 Bxc3
23.bxc3 Nd5 24.Bd2 b5 25.Be2 Nc7 26.e4 f6 27.Bf4 e5 28.dxe5 Rxd1+ 29.Rxd1 fxe5
30.Be3 Nbxa6 31.Bxa7 Kf7 32.Be3 c5 33.Ra1 c4 34.Ra5 Ra8 35.Bb6 Ke6 36.g3 Rb8
37.Be3 Rf8 38.Kg2 Ra8 39.f4 Nb8 40.Rxa8 Nxa8 41.g4 hxg4 42.Bxg4+ Kf6 43.Kf3 Na6
44.fxe5+ Kxe5 45.Bd4+ Kd6 46.e5+ Ke7 47.Ke4 N8c7 48.Be3 Kf7 49.Bc8 Nb8 50.Bc5 Nc6
51.Bd6 Ne6 52.Kd5 Ncd8 53.Bd7 Nf4+ 54.Ke4 Ne2 55.Bb4 Ne6 56.Bxb5 Ng1 57.Bxc4 Nh3
58.Kd5 Neg5 59.Kd6+ Kg7 60.e6 Nh7 61.Bc5 N3g5 62.Bd4+ Kh6 63.e7 Ne4+ 64.Kd7 Nhf6+
65.Bxf6 Nxf6+ 66.Kd8  1-0

[Event "Moscow Open Women 2012"]
[Site "Moscow RUS"]
[Date "2012.01.29"]
[Round "2.44"]
[White "Ivakhinova,I"]
[Black "Fursova,Darya"]
[Result "1-0"]
[WhiteElo "2291"]
[BlackElo "1739"]

1.d4 d5 2.c4 c6 3.Nf3 Nf6 4.Nc3 dxc4 5.a4 Bf5 6.e3 e6 7.Bxc4 Bb4 8.O-O Nbd7
9.Nh4 Bg4 10.f3 Bh5 11.g4 Bg6 12.e4 Qb6 13.Be3 O-O-O 14.Qe2 Ne8 15.a5 Bxa5
16.d5 c5 17.dxe6 fxe6 18.Na4 Qc7 19.Bxe6 b6 20.Nxc5 Nf6 21.Nxd7  1-0

[Event "Moscow Open 2012 A"]
[Site "Moscow RUS"]
[Date "2012.01.29"]
[Round "2.22"]
[White "Shukh,N"]
[Black "Chadaev,N"]
[Result "1/2-1/2"]
[WhiteElo "2415"]
[BlackElo "2556"]

1.d4 d5 2.c4 c6 3.Nf3 Nf6 4.Nc3 dxc4 5.a4 Bf5 6.Ne5 Nbd7 7.Nxc4 Nb6 8.Ne5 a5
9.g3 e6 10.Bg2 Bb4 11.O-O O-O 12.e3 h6 13.Qe2 Bh7 14.Rd1 Nbd7 15.Nd3 Qb6
16.Bd2 Rfe8 17.Be1 e5 18.Nxe5 Nxe5 19.dxe5 Rxe5 20.Qc4 Rae8 21.Qb3 Bf5 22.Ne2 Ng4
23.Nd4 Nxe3 24.fxe3 Rxe3 25.Bc3 Bd3 26.Kh1 c5 27.Rxd3 Rxd3 28.Rf1 Rf8 29.Nf3 Qd8
30.Qc4 Bxc3 31.bxc3 Kh8 32.Nd4 Re3 33.Qxc5 b6 34.Qc4 Qc8 35.Nc6 Qc7 36.Qd5 Rc8
37.c4 Re6 38.Nd4 Rd6 39.Qe5 Rf6 40.Qxc7 Rxf1+ 41.Bxf1 Rxc7 42.Kg1 g6 43.Kf2 Re7
44.Nb3 Kg7 45.c5 bxc5 46.Bb5 Ra7 47.Nxc5 Kf6 48.Nd7+ Ke6 49.Nb6 f5 50.Ke3 Ke5
51.Nc4+ Kd5 52.Kd3 g5 53.Ne3+ Ke5 54.Nc4+ Kd5 55.Ne3+ Ke5 56.Nc4+  1/2-1/2

[Event "Moscow Open Women 2012"]
[Site "Moscow RUS"]
[Date "2012.01.30"]
[Round "3"]
[White "Huang Qian"]
[Black "Mirzoeva,E"]
[Result "1/2-1/2"]
[WhiteElo "2389"]
[BlackElo "2214"]

1.d4 d5 2.Nf3 Nf6 3.c4 c6 4.Nc3 dxc4 5.a4 Bf5 6.Ne5 Nbd7 7.Nxc4 Nb6 8.Ne5 a5
9.e3 g6 10.Bd3 Bxd3 11.Nxd3 Bg7 12.Qb3 O-O 13.O-O Nfd7 14.Rd1 Qc7 15.Ne2 e5
16.dxe5 Nxe5 17.Nxe5 Bxe5 18.f4 Bg7 19.e4 Nd7 20.Be3 Rfe8 21.e5 Bf8 22.Nc3 Nc5
23.Qc4 b6 24.Kf1 Rad8 25.Bxc5 Bxc5 26.Ne4 Be7 27.Rac1 h5 28.h3 Kg7 29.Ke2 Rxd1
30.Rxd1 Rd8 31.Rxd8 Bxd8 32.Qd4 Kg8 33.b3 b5 34.Nd6 bxa4 35.Qxa4 Qb6 36.Qc4 Qc7
37.Kf3 Qd7 38.Ke2 Bc7 39.Ne4 Bd8 40.Nc5 Qe7 41.Ne4 Qd7 42.Qd3 Qxd3+ 43.Kxd3 Kf8
44.g4 hxg4 45.hxg4 Ke7 46.Nd2 f6 47.Nc4 Bc7 48.Ke4 Kf7 49.f5 gxf5+ 50.Kxf5 fxe5
51.Nxe5+ Kg7 52.Nxc6 Bb6 53.g5 Kf7 54.Ne5+ Kg7 55.Nd3 Bd4 56.Nf4 Bc3 57.Ne6+ Kf7
58.g6+ Kg8 59.Ke4 Bd2 60.Kd3 Bb4 61.Ke4 Bc3 62.Kf5 Be1 63.Nf4 Bd2 64.Nh5 Bc3
65.Kg5 Bd2+ 66.Kf6 Bc3+ 67.Ke6 Bb2 68.Kf5 Bc3 69.Kg4 Be1 70.g7 Kf7 71.Kf5  1/2-1/2

[Event "Moscow Open 2012 A"]
[Site "Moscow RUS"]
[Date "2012.01.31"]
[Round "4.16"]
[White "Timofeev,Arty"]
[Black "Cori,J"]
[Result "1-0"]
[WhiteElo "2659"]
[BlackElo "2489"]

1.d4 d5 2.c4 c6 3.Nf3 Nf6 4.Nc3 dxc4 5.a4 Bf5 6.e3 e6 7.Bxc4 Nbd7 8.Nh4 Bg4
9.Qb3 Nd5 10.Nf3 a5 11.Bd2 Qb6 12.h3 Bh5 13.e4 Bxf3 14.gxf3 Qxb3 15.Bxb3 Nb4
16.f4 g6 17.Ke2 Bg7 18.Be3 Nf6 19.Kf3 O-O 20.Rad1 Rfd8 21.Ne2 Rd7 22.Rd2 Rad8
23.Rc1 Bf8 24.Rdd1 Be7 25.Ng3 Ne8 26.Ke2 Ng7 27.Rd2 Bf6 28.Rcd1 Kf8 29.Nf1 Nh5
30.Nh2 Bg7 31.Ng4 Nf6 32.f3 Nh5 33.Ne5 Re7 34.Rg1 Bh6 35.Rg4 f5 36.Rh4 Bg7
37.Rxh5 gxh5 38.Rd1 Bf6 39.Rc1 Ree8 40.Rc5 Ra8 41.Nd7+ Ke7 42.Nxf6 Kxf6 43.Re5 Nd5
44.exd5 cxd5 45.Bf2 Rac8 46.Re3 Rg8 47.Rc3 Ke7 48.Bc2 b6 49.Bd3 Kd6 50.h4 Rc6
51.Ke3 Rc7 52.Bf1 Rc6 53.Be1 Rg1 54.Kf2 Rg8 55.Bd3 Rc7 56.Rb3 Rc6 57.Bd2 Ra8
58.Ke3 Rg8 59.Kf2 Ra8 60.Rb5 Kc7 61.Ke3 Rg8 62.Kf2 Ra8 63.Kf1 Ra7 64.Rb3 Kd6
65.Ra3 Ra8 66.Kf2 Rc7 67.Ra1 Rg7 68.Rc1 Rag8 69.b4 Rg2+ 70.Ke3 Ra8 71.Bb5 Rh2
72.Rc6+ Ke7 73.Rxb6 Rxh4 74.bxa5 Rh1 75.a6 Rb1 76.Rb7+ Kf6 77.Bc6 Ra1 78.a7  1-0

[Event "Gibraltar Open"]
[Site "Caleta ENG"]
[Date "2012.02.01"]
[Round "9.21"]
[White "Gupta,Ab"]
[Black "Javakhishvili,L"]
[Result "1-0"]
[WhiteElo "2652"]
[BlackElo "2454"]

1.d4 d5 2.c4 c6 3.Nf3 Nf6 4.Nc3 dxc4 5.a4 Bf5 6.Ne5 Nbd7 7.Nxc4 Qc7 8.g3 e5
9.dxe5 Nxe5 10.Bf4 Nfd7 11.Bg2 g5 12.Ne3 gxf4 13.Nxf5 O-O-O 14.Qc2 fxg3 15.hxg3 Kb8
16.O-O-O Bb4 17.Kb1 Qa5 18.Na2 Nf6 19.Nd4 Be7 20.f4 Neg4 21.Qxc6 Nd5 22.Nb3 Qb6
23.Qxb6 Nxb6 24.Rxd8+ Bxd8 25.a5 Nc4 26.a6 bxa6 27.Nb4 Nge3 28.Nxa6+ Kc8
29.Rc1 Kd7 30.Be4 h5 31.Bd3 Nd6 32.Nb8+ Ke8 33.Rc6 Ndf5 34.Rc5 Ne7 35.Bb5+ Kf8
36.Nd4 Kg7 37.Nd7 h4 38.f5 N7d5 39.gxh4 Rxh4 40.Nc6 Bb6 41.Nxb6 axb6 42.Rc1 Nxf5
43.Ne5 Nfe3 44.Nc4 Nxc4 45.Bxc4 Ne3 46.Bd3 Nd5 47.b3 Rh2 48.Kb2 f5 49.Ka3 f4
50.Be4 Ne7 51.Bf3 Kf6 52.Rc4 Kf5 53.Rb4 Nc8 54.Rb5+ Kg6 55.Kb4 Rh8 56.Kc3 Rd8
57.Bg4 Kg7 58.Kc2 Kg6 59.b4 Nd6 60.Rxb6 Kg5 61.Bf3 Kh4 62.Rc6 Kg3 63.Rc3 Kf2
64.Rd3 Rc8+ 65.Kb3 Nb5 66.Bb7 Rb8 67.Ba6 Ke1 68.Bxb5 Rxb5 69.Rf3 Kxe2 70.Rxf4 Ke3
71.Rh4 Rb8 72.Kc4  1-0

[Event "Moscow Open Women 2012"]
[Site "Moscow RUS"]
[Date "2012.02.02"]
[Round "6.7"]
[White "Fominykh,M"]
[Black "Gvanceladze,An"]
[Result "1-0"]
[WhiteElo "2253"]
[BlackElo "2172"]

1.d4 d5 2.Nf3 Nf6 3.c4 c6 4.Nc3 dxc4 5.a4 Bf5 6.e3 e6 7.Bxc4 Bb4 8.O-O Nbd7
9.Qb3 Qb6 10.Nh4 Bg4 11.f3 Bh5 12.g4 Bg6 13.Rd1 a5 14.e4 O-O 15.Be3 e5 16.Ne2 exd4
17.Bxd4 Qc7 18.Nxg6 hxg6 19.Qe3 Ne5 20.Ba2 Rae8 21.h3 Nxf3+ 22.Qxf3 Nxe4
23.Kg2 Ng5 24.Qd3 Ne6 25.Bg1 Nc5 26.Qc2 Qe5 27.Ng3 Ne6 28.Bf2 Nd4 29.Kh2 Qf6
30.Rxd4  1-0